000 01971nam0a2200385 4500
001 RU\NLR\bibl\1872132
005 20250616190845.0
010 _a978-5-93190-270-8
_9100
021 _aRU
_b2012-7490
_9553
035 _a(nilc)RSL-KNO-005392729
035 _a(NLR Aleph) 001861962
090 _a2543740
_c2543740
100 _a20120213d2010 |||y0rusy50 ca
101 0 _arus
102 _aRU
105 _aa |||||||||
200 1 _aУрок физической культуры в школе
_eучебно-методическое пособие
_eспециальность 050720 Физическая культура
_fН.И. Синявский, Г.М. Акушев, В.В. Власов, Н.Н. Безноско
_gДеп. образования и мол. политики Ханты-Манс. авт. окр. - Югры, ГОУ ВПО ХМАО - Югры "Сургут. гос. пед. ун-т"
210 _aСургут
_cСургутский гос. пед. ун-т
_d2010
215 _a174 с.
_cил., цв. ил., табл.
_d26
320 _aБиблиогр.: с. 135-136
606 0 _aФизическая культура и спорт
_jУчебно-методические пособия
_xУроки
_xМетодика
_91849583
_3RU\NLR\auth\661129379
686 _aЧ426.73,6(2)-260я73-14
_2rubbk
686 _aЧ426.73-260я7
701 1 _aСинявский
_bН. И.
_gНиколай Иванович
_4070
701 1 _aАкушев
_bГ. М.
_gГеннадий Михайлович
_4070
701 1 _4070
_7ca
_8rus
_aВласов
_bВ.В.
_cканд. пед. наук
_gВладимир Владимирович
_98443
_3RU\NLR\AUTH\7725395
701 1 _aБезноско
_bН. Н.
_gНиколай Николаевич
_4070
801 0 _aRU
_bRuMoRKP
_c20120213
_grcr
801 1 _aRU
_bРГБ
_c20120213
801 2 _aRU
_bNLR
_c20120220
_grcr
830 _aавт. по кн.
942 _cBOOK
980 _aNB